LEADER 00983nam2-22003371i-450- 001 990002005090403321 005 20090407132343.0 035 $a000200509 035 $aFED01000200509 035 $a(Aleph)000200509FED01 035 $a000200509 100 $a20030910d1906----km-y0itay50------ba 101 0 $aeng 102 $aGB 105 $ay---a---001yy 200 1 $aProtozoa$fMarcos Hartog 210 $aLondon$cMcMillan$d1906 215 $ap. [2]-162$d22 cm 225 1 $a<>Cambridge Natural History$fS. F. Harmer, A. E. Shipley$iProtozoa, coelenterates, echinoderms etc.$v1 461 0$1001000200429$12001$aProtozoa, coelenterates, echinoderms etc. 610 0 $aProtozoi 610 0 $aZoologia$aTrattati 676 $a593.1 700 1$aHartog,$bMarcos$0359933 801 0$aIT$bUNINA$gRICA$2UNIMARC 901 $aBK 912 $a990002005090403321 952 $a61 II A.4/012.1$b205$fDAGEN 959 $aDAGEN 996 $aProtozoa$9402937 997 $aUNINA LEADER 02799nam 22008053u 450 001 9910671228303321 005 20210107181829.0 010 $a84-15-45478-3 010 $a84-15454-78-3 035 $a(CKB)2550000000100024 035 $a(EBL)3198600 035 $a(OCoLC)923032011 035 $a(SSID)ssj0000747602 035 $a(PQKBManifestationID)11463048 035 $a(PQKBTitleCode)TC0000747602 035 $a(PQKBWorkID)10705778 035 $a(PQKB)11456971 035 $a(WaSeSS)Ind00032128 035 $a(MiAaPQ)EBC3198600 035 $a(OCoLC)1010674399 035 $a(FlNmELB)ELB42390 035 $a(EXLCZ)992550000000100024 100 $a20160530d2011|||| u|| | 101 0 $aspa 135 $aur|n|---||||| 181 $ctxt 182 $cc 183 $acr 200 10$aComunicabilidad en los portales Web de la administracio?n local$b[electronic resource] $eestudio de caso en la comunidad de Madrid 210 $aMadrid $cDykinson$d2011 210 1$aMadrid :$cDykinson,$d2011. 215 $a1 online resource (224 p.) 225 1 $aCiencias de la comunicacio?n ;$v35 300 $aDescription based upon print version of record. 311 $a84-9982-996-1 327 $aCOMUNICABILIDAD EN LOS PORTALES WEB DE LA ADMINISTRACIO?N LOCAL; PA?GINA LEGAL; I?NDICE; CAPI?TULO 1; CAPI?TULO 2; CAPI?TULO 3; CAPI?TULO 4; CAPI?TULO 5; CAPI?TULO 6; A 1; A2; A3; A4; A5; A6; A7; A8 410 0$aCiencias de la comunicacio?n ;$v35. 606 $aAdministracio?n pu?blica 606 $aEspan?a 606 $aInternet in public administration -- Spain 606 $aInternet 606 $aLocal government -- Spain 606 $aGovernment - Non-U.S$2HILCC 606 $aElectrical & Computer Engineering$2HILCC 606 $aLaw, Politics & Government$2HILCC 606 $aEngineering & Applied Sciences$2HILCC 606 $aGovernment - Europe$2HILCC 606 $aTelecommunications$2HILCC 607 $aEspan?a 615 4$aAdministracio?n pu?blica. 615 4$aEspan?a. 615 4$aInternet in public administration -- Spain. 615 4$aInternet. 615 4$aLocal government -- Spain. 615 7$aGovernment - Non-U.S. 615 7$aElectrical & Computer Engineering 615 7$aLaw, Politics & Government 615 7$aEngineering & Applied Sciences 615 7$aGovernment - Europe 615 7$aTelecommunications 676 $a3523802854678 700 $aLo?pez del Ramo$b Joaqui?n$01333963 702 $aLópez del Ramo$b Joaquín 801 0$bAU-PeEL 801 1$bAU-PeEL 801 2$bAU-PeEL 906 $aBOOK 912 $a9910671228303321 996 $aComunicabilidad en los portales Web de la administracio?n local$93044447 997 $aUNINA LEADER 01611nas 2200397 n 450 001 990008897070403321 005 20240229084549.0 011 $a0392-5897 035 $a000889707 035 $aFED01000889707 035 $a(Aleph)000889707FED01 035 $a000889707 091 $2CNR$aP 00041247 100 $a20090724a19799999km-y0itaa50------ba 101 0 $aita 102 $aIT 110 $aauu-------- 200 1 $aAnnali dell'Istituto Alcide Cervi 207 1$a1979- 210 $aBologna$cTecnograf 326 $aAnnuale 530 0 $aAnnali dell'Istituto Alcide Cervi 675 $a93 675 $a945.094/095 676 $a305.563 712 02$aIstituto Alcide Cervi per la storia della Resistenza nelle campagne, del movimento contadino e dell'agricoltura 801 0$aIT$bACNP$c20090723 859 4 $uhttp://acnp.cib.unibo.it/cgi-ser/start/it/cnr/dc-p1.tcl?catno=29334&person=false&language=ITALIANO&libr=&libr_th=unina1$zBiblioteche che possiedono il periodico 901 $aSE 912 $a990008897070403321 958 $aBRAU. Biblioteca di Ricerca di Area Umanistica$b1979-1997;$eSP - Per. it. estinto 281$fFLFBC 959 $aFLFBC 996 $aAnnali dell'Istituto Alcide Cervi$9801282 997 $aUNINA AP1 8 $6866-01$aNA072 BRAU. Biblioteca di Ricerca di Area Umanistica$bSP - Per. it. estinto 281$ePiazza Bellini 56/60, 80133 Napoli (NA)$m(081) 2533948$nit AP2 40$aacnp.cib.unibo.it$nACNP Italian Union Catalogue of Serials$uhttp://acnp.cib.unibo.it/cgi-ser/start/it/cnr/df-p.tcl?catno=29334&language=ITALIANO&libr=&person=&B=1&libr_th=unina&proposto=NO